<?xml version="1.0" encoding="UTF-8"?>
<record
    xmlns:xsi="http://www.w3.org/2001/XMLSchema-instance"
    xsi:schemaLocation="http://www.loc.gov/MARC21/slim http://www.loc.gov/standards/marcxml/schema/MARC21slim.xsd"
    xmlns="http://www.loc.gov/MARC21/slim">

  <leader>00620nam a2200193Ia 4500</leader>
  <controlfield tag="005">20231115103852.0</controlfield>
  <controlfield tag="008">220630s9999    xx            000 0 eng d</controlfield>
  <datafield tag="020" ind1=" " ind2=" ">
    <subfield code="a">9781782120063</subfield>
    <subfield code="q">hbk</subfield>
  </datafield>
  <datafield tag="040" ind1=" " ind2=" ">
    <subfield code="a">RDA</subfield>
    <subfield code="c">3228</subfield>
  </datafield>
  <datafield tag="082" ind1=" " ind2=" ">
    <subfield code="a">JR 363.73 HUMP</subfield>
    <subfield code="2">23</subfield>
  </datafield>
  <datafield tag="100" ind1=" " ind2=" ">
    <subfield code="a">Humphrey, Gill</subfield>
    <subfield code="9">127850</subfield>
  </datafield>
  <datafield tag="245" ind1=" " ind2="0">
    <subfield code="a">Pollution</subfield>
    <subfield code="c">Gill, Humphrey</subfield>
  </datafield>
  <datafield tag="260" ind1=" " ind2=" ">
    <subfield code="a">{ place of publication not identify }</subfield>
    <subfield code="b">Arcturus,</subfield>
    <subfield code="c">2013</subfield>
  </datafield>
  <datafield tag="300" ind1=" " ind2=" ">
    <subfield code="a">32 pages: color illustration,</subfield>
    <subfield code="c">27 cm</subfield>
  </datafield>
  <datafield tag="504" ind1=" " ind2=" ">
    <subfield code="6">Includes bibliographical reference and index</subfield>
  </datafield>
  <datafield tag="650" ind1=" " ind2=" ">
    <subfield code="a">Air pollution</subfield>
    <subfield code="9">184618</subfield>
  </datafield>
  <datafield tag="942" ind1=" " ind2=" ">
    <subfield code="w">561</subfield>
    <subfield code="x">John Tresidder</subfield>
    <subfield code="y">375</subfield>
    <subfield code="z">Rosinah Mosako</subfield>
  </datafield>
  <datafield tag="942" ind1=" " ind2=" ">
    <subfield code="c">BK</subfield>
    <subfield code="2">ddc</subfield>
  </datafield>
  <datafield tag="999" ind1=" " ind2=" ">
    <subfield code="c">703067</subfield>
    <subfield code="d">703066</subfield>
  </datafield>
  <datafield tag="952" ind1=" " ind2=" ">
    <subfield code="0">0</subfield>
    <subfield code="1">0</subfield>
    <subfield code="4">0</subfield>
    <subfield code="7">0</subfield>
    <subfield code="a">NAZAL</subfield>
    <subfield code="b">NAZAL</subfield>
    <subfield code="d">2022-07-02</subfield>
    <subfield code="g">175.55</subfield>
    <subfield code="l">0</subfield>
    <subfield code="p">33089000251284</subfield>
    <subfield code="r">2022-07-02</subfield>
    <subfield code="w">2022-07-02</subfield>
    <subfield code="y">BK</subfield>
    <subfield code="z">438/14</subfield>
  </datafield>
  <datafield tag="952" ind1=" " ind2=" ">
    <subfield code="0">0</subfield>
    <subfield code="1">0</subfield>
    <subfield code="2">ddc</subfield>
    <subfield code="4">0</subfield>
    <subfield code="7">0</subfield>
    <subfield code="a">THISL</subfield>
    <subfield code="b">Leanl</subfield>
    <subfield code="c">GEN</subfield>
    <subfield code="d">2023-11-15</subfield>
    <subfield code="l">0</subfield>
    <subfield code="o">JR 363.73 HUMP </subfield>
    <subfield code="p">33228017618305</subfield>
    <subfield code="r">2023-11-15</subfield>
    <subfield code="w">2023-11-15</subfield>
    <subfield code="y">BK</subfield>
  </datafield>
</record>
